000 00663cam a2200193 a 4500
001 000015860
005 20240513095116.0
008 821210s1943 mx 000 0 spa
040 _aDO-SdBNP
_bspa
_cLC
_dBNPHU
082 _a111
_bS394g
100 1 _aSchure, Edouard,
_d1841-1929.
_935699
245 1 4 _aLos grandes iniciados :
_bRama - Krishna - Hermes - Moisés - Orfeo - Pitágoras - Platón - Jesús - Zoroastro - Buda, Jesús y los Esenios /
_cEduardo Schure.
260 _aMéxico, D. F. :
_bOlimpo,
_c[1943].
300 _a448 p. ;
_c24 cm.
650 4 _aOntología
_91544
650 0 _aReligión
_91906
910 _aCatalogación derivada
049 _aBNGR
999 _c15403
_d15403